| Поле | Инд. | ПП | Название | Значение |
|---|---|---|---|---|
| Тип записи | a | |||
| Библиографический уровень | b | |||
| 001 | Контрольный номер | 423d4d05544b43ea8761cbd64d4996b3 | ||
| 005 | Дата корректировки | 20260115142926.4 | ||
| 024 | 80 | a | Стандартный номер | 10.1038/s41586-025-09599-3 |
| 040 | a | Служба первич. каталог. | РИНЦ | |
| b | Код языка каталог. | rus | ||
| 041 | 0_ | a | Код языка текста | eng |
| 097 | a | Василенко М.А. | ||
| 100 | 1_ | a | Автор | Abubakar S. |
| 100 | 1_ | a | Автор | Acero M. A. |
| 100 | 1_ | a | Автор | Acharya B. |
| 100 | 1_ | a | Автор | Anfimov N. |
| c | Титул (звания) | кандидат технических наук; доцент (должность); | ||
| k | Кафедра проектирования электроники для установок "мегасайенс"; Инженерно-физический институт | |||
| q | Полное имя | Анфимов Николай Владимирович | ||
| 245 | 10 | a | Заглавие | Joint NEUTRINO Oscillation Analysis from the T2K and NOvA Experiments |
| 773 | 18 | t | Название источника | Nature |
| b | Сведения об издании | Springer Nature | ||
| c | United Kingdom | |||
| m | Специф. данные | входит в Белый список; входит в Scopus; входит в WoS; Входит в ядро РИНЦ;зарубежный журнал;ненулевой импакт-фактор | ||
| p | GNAA | |||
| q | У1 Белый список; Q1 Scopus 2024 | |||
| o | Прочие индексы | SJR 18.288 | ||
| x | ISSN | 0028-0836 | ||
| g | Прочая информация | Т. 646. - № 8086. - С. 818 - 824 | ||
| w | Контрольный № источника | f6cc902b9ad6431da568b961cc808074 | ||
| 856 | 40 | u | URL | https://www.elibrary.ru/item.asp?id=86378840 |
| 901 | t | Тип документа | b | |
| 952 | c | Вид литературы | статья в журнале |